Tottenham Hotspur’s Starting XI 2022/23 Season - Statistics

General Stats
  • This quiz has been taken 39 times
  • The average score is 8 of 12
Answer Stats
Hint Answer % Correct
10 Kane
97%
1 Lloris
97%
7 Son
97%
21 Kulusevski
80%
17 Romero
80%
33 Davies
77%
15 Dier
71%
30 Bentancur
66%
5 Hojbjerg
60%
12 Emerson Royal
54%
19 Sessegnon
29%
Manager Postecoglu
9%
No matching quizzes found
Score Distribution
Percent of People with Each Score
Percentile by Number Answered
Your Score History
You have not taken this quiz